00657nam a2200229 a 4500001001300000003000900013005001700022008004100039020001000080082001600090100002500106245004400131260004600175300000900221500003500230650001100265700002500276902000800301942000700309952009600316999001500412nice12345678IN_TiNIC20260116011909.0050524s1871 hyda grp 000 0 urd  ac10000a297.4bQAD2 aQadiri, S Mohd Maruf aHadia-E-Mujaddadiya, Also Saiful Jabbar aHyderabadbMahboob Shahi Presstionsc1871 a300p aincludes index and biblioraphy aSufism1 aQadiri, S Mohd Maruf bRBA cBK 00104070aHMIbHMId2007-09-27g100.00l0o297.4 QAD2p06863r2007-09-27w2026-01-16yEB c4793d4793